000 00319nam a22001457a 4500
003 SGT
020 _a938426618-3
082 _a615
_bAGA
100 _aAGARWAL, DR. S.P.
245 _aTEXTBOOK OF PHARMACEUTICS-I
260 _aINDIA
_bBIRLA PUB.
_c2024
300 _a216
650 _aPHARMACEUTICS
942 _2ddc
_cBK
999 _c33059
_d33059